| 000 | 00865nam a2200265 i 4500 | ||
|---|---|---|---|
| 001 | 185642 | ||
| 003 | SpMaBN | ||
| 005 | 20250718062556.0 | ||
| 008 | 160729s1993 sp |||| | spa d | ||
| 020 | _a84-323-0800-5 | ||
| 080 | _a17 | ||
| 080 | _a17.021.251 | ||
| 100 | 1 |
_aSchopenhauer, Arthur, _d1788-1860 _9240710 |
|
| 245 | 1 | 4 |
_aLos dos problemas fundamentales de la ética / _cpor A. Schopenhauer ; traducción, introducción y notas, Pilar López de Santa María. |
| 250 | _a1ª ed. | ||
| 260 |
_aMadrid : _bSiglo XXI de España, _c1993. |
||
| 300 |
_aXLVI, 299 p. ; _c21 cm. |
||
| 490 | 1 | _aFilosofía | |
| 650 | 7 |
_aÉtica _2embne _912577 |
|
| 650 | 0 | 7 |
_aLibertad. _914400 |
| 700 | 1 |
_aLópez de Santa María, Pilar. _9141707 |
|
| 830 | 0 |
_aFilosofía _9177836 |
|
| 852 |
_aES-MaACL _jL-30484 _z. - Donat. Miguel A. Velasco |
||
| 999 |
_c185642 _d185642 |
||